Bibliotecas del mundo /

Presentación, principalmente fotográfica, de 23 de las más bellas bibliotecas históricas del mundo occidental, la mayor parte de las cuales son fundadas en una fase del desarrollo del conocimiento en una Europa que todavía imperaba el analfabetismo. Las bibliotecas elegidas son: En Alemania: del mon...

Deskribapen osoa

Gorde:
Xehetasun bibliografikoak
Egile nagusia: Laubier, Guillaume de (fotógrafo)
Beste egile batzuk: Bosser, Jacques (texto) (texto)
Formatua: Liburua
Hizkuntza:gaztelania
Argitaratua: Barcelona, España : Carroggio, 2003, c2003
Saila:(Selección Libro Ilustrado)
Gaiak:
Etiketak: Etiketa erantsi
Etiketarik gabe, Izan zaitez lehena erregistro honi etiketa jartzen!

MARC

LEADER 00000nam^a2200000^a^4500
001 000156974
005 20250521000000.0
009 20260310100521.888
020 |a 84-7254-809-0 
037 |a Acervo ITESO - Biblioteca 
041 |a ESP 
082 |a 027. 009  |b LAU 
100 |a Laubier, Guillaume de  |e (fotógrafo) 
245 1 0 |a Bibliotecas del mundo /  |c Fotografía de G. de Laubier ; texto de J. Bosser ; tr. por Esther Andrés, Teresa Clavel. 
264 4 |a Barcelona, España :  |b Carroggio,  |c 2003, c2003 
300 |a 247 p. 
336 |a texto  |b txt  |2 rdacontenido 
337 |a sin mediación  |b n  |2 rdamedio 
338 |a volumen  |b nc  |2 rdasoporte 
440 1 |a (Selección Libro Ilustrado) 
520 |a Presentación, principalmente fotográfica, de 23 de las más bellas bibliotecas históricas del mundo occidental, la mayor parte de las cuales son fundadas en una fase del desarrollo del conocimiento en una Europa que todavía imperaba el analfabetismo. Las bibliotecas elegidas son: En Alemania: del monasterio de Wiblingen (Ulm), de la abadía benedictina de Metten (Metten) y Herzogin Anna Amalia (Weimar). En Austria: Nacional de Austria (en Viena) y de la Abadía benedictina de Admont (Admont). En España: del Monasterio Real del Escorial (San Lorenzo del Escorial). En Estados Unidos: El Athenaeum (Boston), del Congreso (Washington, D.C.) y Pública de Nueva York (Nueva York). En Francia: Mazzarina (París), del Instituto (París), del Senado (París) y Gabinete de libros del duque de Aumale (Chantilly). En Inglaterra: Bodleian (Oxford), Wren (Cambridge) y John Rynalds (Manchester). En Irlanda: del Trinity College (Dublín). En Italia: Vaticana (Ciudad del Vaticano) y Riccardiana (Florencia). En Portugal: del Palacio Nacional de Mafra (Mafra). En República Checa: Nacional de Praga (Praga). En Rusia: Nacional de Rusia (San Petersburgo). En Suiza: abacial de Saint Gall (Saint Gall). 
585 |a Exposición DIA 2022-04/05 / De paseo con los libros por la ruta del placer 
649 |a XX 
650 |a Bibliotecas Monásticas -  |z Ulm, Alemania 
650 |a Bibliotecas Monásticas -  |z Austria 
650 |a Bibliotecas Monásticas -  |z San Lorenzo del Escorial, España 
650 |a Bibliotecas Monásticas -  |z Saint-Gall, Suiza 
650 |a Bibliotecas Universitarias -  |z Cambridge, Inglaterra 
650 |a Bibliotecas Universitarias -  |z Oxford, Inglaterra 
650 |a Bibliotecas Universitarias -  |z Dublín, Irlanda 
650 |a Biblioteca Nacional -  |z Austria 
650 |a Biblioteca Nacional -  |z EUA 
650 |a Biblioteca Nacional -  |z República Checa 
650 |a Biblioteca Nacional -  |z Rusia 
650 |a Bibliotecas Nacionales 
650 |a Bibliotecas Públicas -  |z Nueva York, EUA 
650 |a Bibliotecas -  |z Ulm, Alemania 
650 |a Bibliotecas -  |z Weimar, Alemania 
650 |a Bibliotecas -  |z Viena, Austria 
650 |a Bibliotecas -  |z San Lorenzo del Escorial, España 
650 |a Bibliotecas -  |z Boston, EUA 
650 |a Bibliotecas -  |z Nueva York, EUA 
650 |a Bibliotecas -  |z Washington, D.C., EUA 
650 |a Bibliotecas -  |z Chantilly, Francia 
650 |a Bibliotecas -  |z París, Francia 
650 |a Bibliotecas -  |z Cambridge, Inglaterra 
650 |a Bibliotecas -  |z Manchester, Inglaterra 
650 |a Bibliotecas -  |z Oxford, Inglaterra 
650 |a Bibliotecas -  |z Dublín, Irlanda 
650 |a Bibliotecas -  |z Florencia, Italia 
650 |a Bibliotecas -  |z Vaticano (Ciudad) 
650 |a Bibliotecas -  |z Mafra, Portugal 
650 |a Bibliotecas -  |z Praga, República Checa 
650 |a Bibliotecas -  |z San Petersburgo, Rusia 
650 |a Bibliotecas -  |z Saint-Gall, Suiza 
650 |a Bibliotecas -  |x Historia 
650 |a Libros -  |x Historia 
650 |a Comunicación Escrita -  |x Historia 
650 |a Decoración y Ornamentación 
650 |a Fotografía Francesa -  |y Siglo XXI 
650 |a Arquitectura -  |x Historia y Crítica 
650 |a Arte -  |x Historia y Crítica 
650 |a Cultura -  |x Difusión 
650 |a Biblioteconomía 
700 |a Bosser, Jacques  |e (texto) 
910 |a Fondo General 
920 |a Impresos - Libros 
930 |a Reserva Especial 
905 |a 103 
901 |a 0500084176  |b IT1  |c REE  |u 20250521 
902 |a https://opac.biblio.iteso.mx/vufind/Record/000156974